La vie quotidienne des dieux egyptiens /

محفوظ في:

المؤلف الرئيسي: Meeks, Dimitri (مؤلف)

مؤلفون آخرون: Favard-Meeks, Christine.

التنسيق: كتاب

اللغة: French

منشور في: [Paris] : Hachette, c1993.

سلاسل: La vie quotidienne.

الموضوعات:

الوسوم: إضافة وسم

لا توجد وسوم, كن أول من يضع وسما على هذه التسجيلة!

رقم الطلب: BL2428 .M43 1993

LEADER 00916namaa2200289 4500
003 OSt
005 20250915121600.0
008 130303s1993 fr af b 001 0 fre d
020 |a 2010185560 
040 |c ARCE Library 
043 |a F-UA--- 
050 4 |a BL2428 .M43 1993 
100 1 |a Meeks, Dimitri,  |e author 
245 1 3 |a La vie quotidienne des dieux egyptiens /  |c Dimitri Meeks, Christine Favard-Meeks. 
264 1 |a [Paris] :   |b Hachette,   |c c1993. 
300 |a 360 pages, [16] pages of plates :  |b illustrations ;  |c 20 cm. 
490 0 |a La vie quotidienne. 
500 |a Map inside front cover. 
504 |a Includes bibliographical references (pages 291-[337]) and index. 
650 0 |a Mythology, Egyptian. 
650 0 |a Gods, Egyptian. 
650 0 |a Goddesses, Egyptian. 
651 0 |a Egypt  |x Religion. 
700 1 |a Favard-Meeks, Christine.  |9 29890 
901 |a reviewed 
942 |c BK  |2 lcc 
999 |c 1543  |d 1543